00742cam a2200253 a 450000100060000000300080000600500170001400800410003102000150007203500190008703500120010604000220011804100080014004300120014808200240016010000280018424500720021226000460028430000370033050000200036750400320038765000470041970000220046677119BD-RjUL20211209082928.0200227s1973 enkac b 001 0 eng  a0297765779 a(BD-RjUL)77343 a1847965 aLCbengcLCdXNTU aeng ae-uk---04a820.9220bQUH 19731 aQuennell, Peter,d1905-12aA history of English literature /cPeter Quennell & Hamish Johnson. aLondon :bWeidenfeld and Nicolson,c1973. a512 p. :bill., ports. ;c25 cm. aIncludes index. aBibliography: p. [498]-499. 0aEnglish literaturexHistory and criticism.1 aJohnson, Hamish,.